000 01707nam a2200361 c 4500
003 BLK
005 20210706140403.0
008 180410b bul|||||r ||||||| ||bul||
010 _aKNG00151831000
020 _a83-10-09458-2
_bиздат.: Наша Кшенгарня
020 _a83-10-09458-2
_bиздат.: Наша Кшенгарня
040 _aBLK
041 _aBUL
_cBUL
080 _aПолска литература
_b821.162.1
_x-93-34
_z821.162.1-93-34
100 1 _aГрабовски, Славомир
_eпърви автор
_9328805
700 1 _aНейман, Марек
_eсъавт.
_9101534
700 1 _aЗанева-Попхристова, Ирина
_eпрев. от пол.
_9328806
700 1 _aКарвовска-Внучак, Юлита
_eхудож.
_977020
139 _aГрабовски, Славомир и др.
_bГ 74
245 1 0 _aВълчи апетит
_bПриказка за деца
_cСлавомир Грабовски; съавт. Марек Нейман; прев. от пол. Ирина Занева-Попхристова; худож. Юлита Карвовска-Внучак.
257 _aBGR
_aPOL
260 Варшава ; София
_bНаша Кшенгарня
_bОтечество
_c1989
_fотпеч. в Полша
300 _a24 с.
_bс ил.
_c15Х16 см
380 _aDX
500 _aОриг. загл. Wilczy apetut.
653 _aдетска литература
653 _aлитература за деца
852 _aЦб І 35227
856 4 _qpdf
_u
856 4 _qpdf
_u
942 _cKNG
_n0
_01
944 _aCR
_c15.10.2013
_l15.10.2013 - от С1,Р / 15.10.2013
_kИвайло_Василев
944 _aED
_c15.10.2013
_l15.10.2013 - от С1,Р / 15.10.2013
_k
999 _c145649
_d145649